Statistics for Tricky Analogies #2

Click here to take the quiz!

General Stats

  • This quiz has been taken 1,019 times
  • The average score is 7 of 20

Answer Stats

This is to this, as... % Correct
George III is to UKNero is to ____Rome
78%
Pisces is to fishCancer is to ____Crab
78%
Charon is to Pluto____ is to Earth.The Moon
71%
Carroll is to Alice____ is to SawyerTwain
62%
President is to USA____ is to GermanyChancellor
56%
Paragraph is to literaturePentameter is to ____Poetry
53%
Gene Simmons is to IsraelHitler is to ____Austria
51%
Vespucci is to the AmericasBolivar is to ____Bolivia
46%
Dash Dot Dash Dot is to C____ is to SDot Dot Dot
41%
Pluto is to PersephoneJupiter is to ____Juno
37%
Assegai is to South AfricaNaginata is to ____Japan
31%
Philatelist is to stampsLepidopterist is to ____Butterflies
31%
0010 is to 2____ is to 70111
27%
Robespierre is to France____ is to EnglandCromwell
26%
Oppenheimer is to nuclearvon Braun is to ____Rockets
19%
Spree is to Berlin____ is to ParisSeine
15%
Kosciuszko is to AustralasiaVinson Massif is to ____Antarctica
12%
Dorsal is to back____ is to frontPectoral
9%
Necrophobia is to deathPogonophobia is to ____Beards
6%
Bluetooth is to DenmarkSolomon is to ____Ethiopia
1%

Score Distribution

Percentile by Number Answered

Percent of People with Each Score

Your Score History

You have not taken this quiz